Presidentes a lo largo de la Historia de España - Estadísticas

Estadísticas generales
  • Esta prueba ha sido intentada 631 veces
  • La puntuación promedio es 50 de 156
Estadísticas de respuestas
(PERÍODO)
AÑO DE LEGISLATURA
Presidente % Correcto
REINADO DE FELIPE IV (2014-ACT.)2015-2018 | 2011-2015 Mariano Rajoy Brey
94%
2018-Act Pedro Sánchez Pérez-Castejón
94%
1996-2004 José María Aznar López
93%
2004-2011 José Luis Rodríguez Zapatero
91%
1931 Juan Bautista Aznar-Cabañas
91%
REINADO DE JUAN CARLOS I (1976-2014) 1976-1981 Adolfo Suárez González
88%
1982-1996 Felipe González Márquez
87%
1868 Luis González Bravo
87%
1843-1844 Luis González Bravo
87%
1981-1982 Leopoldo Calvo-Sotelo y Bustelo
76%
DICTADURA FRANQUISTA 1939-1975 1939-1973 Francisco Franco Bahamonde
74%
REGENCIA DE FCO. SERRANO (1869-1871) 1869-1870 Juan Prim
70%
1931-1933 Manuel Azaña Díaz
69%
1931 | 1936 Manuel Azaña Díaz
69%
REINADO DE ALFONSO XII 1874-18851874-1875 Antonio Cánovas del Castillo
67%
1879-1881 | 1884-1885 | 1890-1892 | 1895-1897 Antonio Cánovas del Castillo
67%
1973 Luis Carrero Blanco
67%
REINADO DE ALFONSO XIII (1886-1931)1885-1890 | MAYORÍA DE EDAD DE ALFONSO XIII 1902-19311902 | 1897-1899 | +4 others Práxedes Mateo Sagasta
65%
1871-1872 Práxedes Mateo Sagasta
65%
1923-1930 Miguel Primo de Rivera
60%
1934-1935 Alejandro Lerroux García
56%
1933-1934 | 1933 Alejandro Lerroux García
56%
1973-1976 Carlos Arias Navarro
55%
1840 Antonio González y González
53%
1841-1842 Antonio González y González
53%
1837 | 1854-1856 | 1840-1841 Baldomero Espartero
53%
REGENCIA DE Mª CRISTINA DE BORBÓN-DOS SICILIAS 1833-1840 1834-1835 Francisco Martínez de la Rosa
53%
REINADO DE AMADEO I (1871-1873) 1871 | 1874 | 1872 Francisco Serrano
53%
1868-1869 Francisco Serrano
53%
1937-1939 Juan Negrín López
51%
1936-1937 Francisco Largo Caballero
45%
SEGUNDA REPÚBLICA ESPAÑOLA 1931-19391931 Niceto Alcalá Zamora y Torres
44%
1933 Diego Martínez Barrio
43%
1847 Carlos Martínez de Irujo y McKean
41%
1856 | 1865-1866 | 1858-1863 Leopoldo O'Donnell
39%
1873 Francisco Pi y Margall
38%
1922-1923 Manuel García Prieto
35%
1907-1909 | 1918 | 1919 | 1921-1922 Antonio Maura
33%
1904-1903 Antonio Maura
33%
1913-1915 Eduardo Dato
32%
1917 | 1920-1921 Eduardo Dato
32%
1873-1874 Emilio Castelar
32%
1873 Nicolás Salmerón
32%
1930-1931 Dámaso Berenguer
30%
1910-1912 José Canalejas
30%
1856-1857 Ramón María Narváez
28%
1849-1851 | 1846 | 1847-1849 | +2 others Ramón María Narváez
28%
1844-1846 Ramón María Narváez
28%
(PRIMERA REPÚBLICA 1873-1874)1873 Estanislao Figueras
27%
1835-1836 Juan Álvarez Mendizábal
26%
1936 Santiago Casares Quiroga
26%
1847 Florencio García Goyena
25%
1838 Bernardino Fernández de Velasco
20%
1854 Fernando Fernández de Córdova
20%
1917-1918 | 1917 | 1918 Manuel García Prieto
20%
1905 Raimundo Fernández Villaverde
20%
1912 Manuel García Prieto
20%
1846 Manuel Pando Fernández de Pinedo
20%
1903 Raimundo Fernández Villaverde
20%
1838-1840 Evaristo Pérez de Castro
19%
1851-1852 Juan Bravo Murillo
19%
1868 Pascual Madoz Ibáñez
19%
1936 Diego Martínez Barrio
18%
1843 Joaquín María López
18%
MAYORÍA DE EDAD DE ISABEL II 1843-1868 1843 Joaquín María López
18%
1936 José Giral Pereira
17%
1870-1871 Juan Bautista Topete
17%
1864 Alejandro Mon y Menéndez
14%
1879 Arsenio Martínez Campos Antón
14%
1935-1936 Manuel Portela Valladares
13%
1912-1913 Álvaro de Figueroa
12%
1918-1919 | 1915-1917 Álvaro de Figueroa
12%
1899-1900 | 1902-1903 Francisco Silvela
12%
1875-1879 Antonio Cánovas del Castillo
11%
1858 Francisco Javier Istúriz
11%
1836-1837 José María Calatrava
11%
1872-1873 Manuel Ruiz Zorrilla
11%
1836 Francisco Javier de Istúriz
11%
1846-1847 Francisco Javier Istúriz
11%
1871 Manuel Ruiz Zorrilla
11%
1934 Ricardo Samper Ibáñez
10%
1835 José María Queipo de Llano
10%
1921 Manuel Allendesalazar Muñoz
10%
1922 José Sánchez Guerra
10%
1919-1920 Manuel Allendesalazar Muñoz
10%
1837-1838 Narciso Heredia y Begines de los Ríos
10%
1935 Joaquín Chapaprieta Torregrosa
9%
1906 | 1909-1910 Segismundo Moret
9%
1905-1906 Segismundo Moret
9%
1939 José Miaja Menant
8%
1883-1884 José de Posada Herrera
8%
1868 José Gutiérrez de la Concha
8%
1906 José López Domínguez
8%
1835 Miguel Ricardo de Álava
8%
1905 Eugenio Montero Ríos
7%
1900-1901 Marcelo Azcárraga Palmero
7%
1875 Joaquín Jovellar Soler
7%
1904-1905 Marcelo Azcárraga
7%
1897 Marcelo Azcárraga Palmero
7%
1854 Ángel de Saavedra, Duque de Rivas
6%
1936 Augusto Barcia Trelles
6%
1871 José Malcampo
6%
1843 Salustiano Olózaga
6%
1840 Valentín Ferraz
6%
1919 Joaquín Sánchez de Toca
6%
PRESIDENCIA DE FCO. SERRANO1874 Juan Zavala de la Puente
6%
1837 Eusebio Bardají Azara
5%
1840 Modesto Cortázar
5%
1842-1843 José Ramón Rodil y Gayoso
5%
1857-1858 Francisco Armero Peñaranda
5%
1921 Gabino Bugallal
5%
1868 Joaquín Aguirre de la Peña
5%
1847 Joaquín Francisco Pacheco
5%
REGENCIA DE BALDOMERO ESPARTERO 1841-1843 1841 Joaquín María Ferrer
5%
1853-1854 Luis José Sartorius
5%
1849 Serafín María de Sotto
5%
1840 Vicente Sancho
5%
1843 Álvaro Gómez Becerra
4%
1852-1853 Federico Roncalí
4%
1853 Francisco Lersundi Hormaechea
4%
1906 Antonio Aguilar y Correa
3%
1863-1864 Manuel Pando Fernández de Pinedo
3%
1864 Lorenzo Razola
2%
No se encontraron pruebas coincidentes
Distribución de puntuación
Porcentaje de gente con cada puntuación
Porcentaje por número respondido
Historial de tus puntuaciones
No has intentado esta prueba.